Remote sensing of land use and land cover : principles and applications (Record no. 21298)

MARC details
000 -LEADER
fixed length control field 00754 a2200205 4500
000 - LEADER
fixed length control field BKB
001 - CONTROL NUMBER
control field 141366
005 - DATE AND TIME OF LATEST TRANSACTION
control field 20200902165524.0
008 - FIXED-LENGTH DATA ELEMENTS--GENERAL INFORMATION
fixed length control field
020 ## - INTERNATIONAL STANDARD BOOK NUMBER
International Standard Book Number 9781420070743
082 ## - DEWEY DECIMAL CLASSIFICATION NUMBER
Classification number 333.73130285
Item number R28R
100 1# - MAIN ENTRY--PERSONAL NAME
Personal name Remote sensing of land use and land cover : principles and applications
245 1# - TITLE STATEMENT
Title Remote sensing of land use and land cover : principles and applications
Statement of responsibility, etc edited by Chandra P. Giri
260 ## - PUBLICATION, DISTRIBUTION, ETC. (IMPRINT)
Place of publication, distribution, etc Boca Raton
Name of publisher, distributor, etc CRC Press
Date of publication, distribution, etc 2012
300 ## - PHYSICAL DESCRIPTION
Extent 425p.
630 ## - SUBJECT ADDED ENTRY--UNIFORM TITLE
Uniform title Environmental Science
690 ## - LOCAL SUBJECT ADDED ENTRY--TOPICAL TERM (OCLC, RLIN)
Topical term or geographic name as entry element Land use--Remote sensing; Remote sensing; Land use--Research--Methodology; Cartography--Remote sensing
700 ## - ADDED ENTRY--PERSONAL NAME
Personal name Giri, Chandra P., ed.
Numeration
Titles and other words associated with a name
964 ## -
--
-- ENG
--
--
--
--
--
Holdings
Withdrawn status Lost status Damaged status Not for loan Home library Current library Date acquired Cost, normal purchase price Total Checkouts Full call number Barcode Date last seen Price effective from Koha item type
        Central University Of Rajasthan Central University Of Rajasthan 12/03/2014 0.00   333.73130285 R28R 17437 21/11/2024 02/09/2020 Books